000 00824nam a2200253Ia 4500
003 OSt
005 20221005113450.0
006 a|||||r|||| 00| 0
007 ta
008 221004b |||||||| |||| 00| 0 pan d
020 _c120
024 _a3760
037 _b749, 12/03/2013, Bright Book Service
_cTextual
040 _aCRL
_cCRL
_bpan
041 _2pan
_apan
082 _aO153,1NPAx, P5
100 _aਪ੍ਰਮਿੰਦਰਜੀਤ
245 0 _aਬਚਪਨ ਘਰ ਤੇ ਮੌ੍ਵ
260 _aਲੁਧਿਆਣਾ
_bਚੇਤਨਾ ਭਾਰਤ
_c2005
300 _a120ਪੰ
_ccm.
650 _aਪੰਜਾਬੀ ਸਾਹਿਤ
942 _hO153,1NPAx, P5
_cTEXL
_2cc
999 _c1028282
_d1028282